Statistics for Polar Uncharged Amino Acids

Click here to take the quiz!

General Stats

  • This quiz has been taken 66 times
  • The average score is 6 of 7

Answer Stats

Answer% Correct
Serine
97%
Glutamine
92%
Threonine
89%
Asparagine
86%
Cysteine
86%
Tyrosine
84%
Glycine
65%

Score Distribution

Percentile by Number Answered

Percent of People with Each Score

Your Score History

You have not taken this quiz